Оптимизация условий проведения элементного анализа биологических объектов методами дуговой и пламенной атомно-эмиссионной спектрометрии: автореферат диссертации на соискание ученой степени кандидата химических наук; спец. 02.00.02

Bibliografiske detaljer
Hovedforfatter: Кускова И. С. Ирина Сергеевна
Institution som forfatter: Национальный исследовательский Томский государственный университет (ТГУ)
Andre forfattere: Отмахов В. И. Владимир Ильич (научный руководитель)
Summary:Защита сост. 6.12.2017 г.
Sprog:russisk
Udgivet: Томск, [Б. и.], 2017
Fag:
Format: MixedMaterials Bog
KOHA link:https://koha.lib.tpu.ru/cgi-bin/koha/opac-detail.pl?biblionumber=339310

MARC

LEADER 00000nam0a2200000 4500
001 339310
005 20231102005130.0
035 |a (RuTPU)RU\TPU\book\365821 
090 |a 339310 
100 |a 20171215d2017 k y0rusy50 ca 
101 0 |a rus 
102 |a RU 
105 |a a dm 001zy 
200 1 |a Оптимизация условий проведения элементного анализа биологических объектов методами дуговой и пламенной атомно-эмиссионной спектрометрии  |e автореферат диссертации на соискание ученой степени кандидата химических наук  |e спец. 02.00.02  |f И. С. Кускова  |g Национальный исследовательский Томский государственный университет (ТГУ) ; науч. рук. В. И. Отмахов 
210 |a Томск  |c [Б. и.]  |d 2017 
215 |a 24 с.  |c ил. 
300 |a Защита сост. 6.12.2017 г. 
320 |a Библиогр.: с. 22-24 (16 назв.) 
452 1 |0 (RuTPU)RU\TPU\book\362717  |t Оптимизация условий проведения элементного анализа биологических объектов методами дуговой и пламенной атомно-эмиссионной спектрометрии  |o автореферат диссертации на соискание ученой степени кандидата химических наук  |o спец. 02.00.02  |f И. С. Кускова  |g Национальный исследовательский Томский государственный университет ; науч. конс. В. И. Отмахов  |c Томск  |d 2017  |a Кускова, Ирина Сергеевна 
606 1 |a Спектральный анализ, атомно-эмиссионный  |2 stltpush  |3 (RuTPU)RU\TPU\subj\71991  |9 85638 
610 1 |a медицина 
610 1 |a элементный анализ 
610 1 |a дуговая атомно-эмиссионная спектрометрия 
610 1 |a методы 
610 1 |a волосы 
610 1 |a элементный состав 
610 1 |a измерение 
610 1 |a расчетные формулы 
610 1 |a экстремальные нагрузки 
610 1 |a преодоление 
610 1 |a лекарственные препараты 
610 1 |a создание 
610 1 |a авторефераты диссертаций 
675 |a 543.423(04)  |v 4 
686 |a 02.00.02  |2 oksvnk 
700 1 |a Кускова  |b И. С.  |g Ирина Сергеевна 
702 1 |a Отмахов  |b В. И.  |g Владимир Ильич  |4 727 
712 0 2 |a Национальный исследовательский Томский государственный университет (ТГУ)  |c (2009- )  |2 stltpush  |3 (RuTPU)RU\TPU\col\17230 
801 1 |a RU  |b 63413507  |c 20171215 
801 2 |a RU  |b 63413507  |c 20180109  |g RCR 
942 |c BK